Statistics for name every minecraft mob

Click here to take the quiz!

General Stats

  • This quiz has been taken 50 times
  • The average score is 43 of 72

Answer Stats

HintAnswer% Correct
PorkPig
97%
BeefCow
94%
BedSheep
88%
BIG BLACK MAN!Enderman
82%
tamable and ridableHorse
82%
BonesSkeleton
82%
8Spider
82%
Mans best friendWolf
82%
Oldest OneZombie
82%
HoneyBee
74%
Village OcelotCat
74%
Poisonous if raw meatChicken
74%
Aw, manCreeper
74%
RAID!Pillager
74%
FishingSalmon
74%
Wither step 2Wither
74%
Poison 8Cave Spider
71%
Horse Rip-offDonkey
71%
GOLDDPiglin
71%
EmeraldVillager
71%
HOG RIDAAAAHoglin
68%
Flying Useless thingPhantom
68%
PotionWitch
68%
Brain HorseZombie Horse
68%
Zombie but waterDrowned
65%
RAMGoat
65%
SpitLlama
65%
Bamboo SuckerPanda
65%
Ridable Tamable DeadSkeleton Horse
65%
useless sacSquid
65%
Return to senderGhast
62%
^ But it glowsGlow squid
62%
Zombie but sandHusk
62%
Wild jungle cats!Ocelot
62%
Fishing 2Cod
59%
Fast swimmerDolphin
59%
Mushroom CowMooshroom
59%
Horse rip-off 2Mule
59%
Spiky SalmonPufferfish
59%
Swamp GooSlime
59%
Lava BoatStrider
59%
Wither step 1Wither Skeleton
59%
Protect my ice baby!Polar Bear
56%
Hippity hopRabbit
56%
Only mob that lays eggsTurtle
56%
Corrupted EmeraldsZombie Villager
56%
Cute PredatorAxolotl
53%
gib seed to feedParrot
53%
Royal SeaGaurdian
50%
Speedrun AdvantageIron Golem
50%
Lava gooMagma Cube
50%
Coral SalmonTropical Fish
50%
The end of DanTDMVex
50%
Wild VillagerWandering Trader
50%
Needed for speedrunningBlaze
47%
Royal sea oldElder Gaurdian
47%
Enderpearl ChancesEndermite
47%
Skeleton but slowStray
47%
Zombie HogZoglin
47%
Hit one, We attackZombie Pigmen
47%
fetch!Allay
44%
RAIDDDRavager
44%
ANNOYING SPREADING MOBSilverfish
44%
RAIDDDDDVindicator
44%
Sense your motionWarden
44%
RAIDDDEvoker
41%
Piglin but big boyPiglin Brute
41%
Flying Useless thing 2Bat
38%
Ice Ice Baby!Snow Golem
38%
Floaty floatShulker
35%
Cute little rascal!Fox
32%
RAID!Illager
18%

Score Distribution

Percentile by Number Answered

Percent of People with Each Score

Your Score History

You have not taken this quiz